The Beast : (Record no. 38579)

MARC details
000 -LEADER
fixed length control field 00743nam a22002057a 4500
005 - DATE AND TIME OF LATEST TRANSACTION
control field 20100802120927.0
010 ## - LCCN (DPL NO)
LC control number ENG-97252
020 ## - INTERNATIONAL STANDARD BOOK NUMBER
International Standard Book Number 9789380283753
Terms of availability 150.00
035 ## - SYSTEM CONTROL NUMBER
System control number EN-80785
037 ## - SOURCE OF ACQUISITION
Source of stock number/acquisition DBAD/PUB
082 ## - DEWEY DECIMAL CLASSIFICATION NUMBER
Classification number N
100 ## - MAIN ENTRY--PERSONAL NAME
Personal name Ashraf,Ayed Muhammad
245 ## - TITLE STATEMENT
Title The Beast :
Remainder of title numberdar ke neela /
Statement of responsibility, etc by Syed Muhammad Ashraf ; translated from the urdu by Musharrag Ali Farooqi /
260 ## - PUBLICATION, DISTRIBUTION, ETC. (IMPRINT)
Place of publication, distribution, etc New Delhi
Name of publisher, distributor, etc Tranquebar Press
Date of publication, distribution, etc 2009
270 ## - ADDRESS
Address 47,Brij ,Mohan Road, Daryaganj
City New Delhi
Postal code 110002
300 ## - PHYSICAL DESCRIPTION
Extent viii,104p
Dimensions 17cm (pbk)
700 ## - ADDED ENTRY--PERSONAL NAME
Personal name Farooqi, Musharraf Ali
9 (RLIN) 4006
942 ## - ADDED ENTRY ELEMENTS (KOHA)
Source of classification or shelving scheme Dewey Decimal Classification
Item type English Books
Classification part F
Call number suffix ASH
Holdings
Withdrawn status Lost status Not for loan Collection code Home library Current library Date acquired Source of acquisition Cost, normal purchase price Full call number Barcode Copy number Cost, replacement price Koha item type
    Not For Loan Fiction D.B.Act.Division D.B.Act.Division 02/08/2010 DBAD/PUB 150.00 F ASH EN-80785 1 150.00 English Books

© Delhi Public Library
Hit Counter
free hit counter